La fama de Madrid : (Record no. 197497)

MARC details
000 -LEADER
campo de control de longitud fija 01389nam a2200361 i 4500
001 - NÚMERO DE CONTROL
campo de control 197497
003 - IDENTIFICADOR DE NÚMERO DE CONTROL
campo de control ES-MaACL
005 - FECHA Y HORA DE LA ÚLTIMA TRANSACCIÓN
campo de control 20250805062639.0
007 - CAMPO FIJO DE DESCRIPCIÓN FÍSICA--INFORMACIÓN GENERAL
campo de control de longitud fija ta
008 - DATOS DE LONGITUD FIJA--INFORMACIÓN GENERAL
campo de control de longitud fija 900725s1958 sp spa
016 7# - NÚMERO DE CONTROL DE UNA AGENCIA BIBLIOGRÁFICA NACIONAL
Número de control del registro bimoBNE19981729324
Número de control cancelado/no válido IND9200358552
Fuente SpMaBN
017 ## - NÚMERO DE COPYRIGHT O DE DEPÓSITO LEGAL
Número de copyright o de depósito legal M 5312-1958
Agencia que asigna Oficina Depósito Legal Madrid
035 ## - NÚMERO DE CONTROL DEL SISTEMA
Número de control de sistema (OCoLC)432042009
035 ## - NÚMERO DE CONTROL DEL SISTEMA
Número de control de sistema (SpMaBN)bimo0000927688
035 ## - NÚMERO DE CONTROL DEL SISTEMA
Número de control de sistema 991039384829708606
040 ## - FUENTE DE CATALOGACIÓN
Centro catalogador/agencia de origen SpMaBN
Lengua de catalogación spa
Centro/agencia transcriptor A2
080 ## - NÚMERO DE LA CLASIFICACIÓN DECIMAL UNIVERSAL
Número de la Clasificación Decimal Universal 39(460.27 M.)
100 1# - ENTRADA PRINCIPAL--NOMBRE DE PERSONA
Nombre de persona Gil, Bonifacio,
Fechas asociadas al nombre 1898-1964
9 (RLIN) 56719
Término indicativo de función/relación Autor
245 13 - MENCIÓN DEL TÍTULO
Título La fama de Madrid :
Resto del título según la tradición popular, sacada de refranes, coplas, canciones, romances y leyendas de todas las regiones españolas y países hispano-americanos /
Mención de responsabilidad, etc. Bonifacio Gil.
260 ## - PUBLICACIÓN, DISTRIBUCIÓN, ETC.
Lugar de publicación, distribución, etc. Madrid :
Nombre del editor, distribuidor, etc. Acies,
Fecha de publicación, distribución, etc. 1958.
300 ## - DESCRIPCIÓN FÍSICA
Extensión 415 páginas ;
Dimensiones 21 cm
336 ## - TIPO DE CONTENIDO
Fuente rdacontent
Término de tipo de contenido texto
337 ## - TIPO DE MEDIO
Fuente rdamedia
Nombre/término del tipo de medio sin mediación
338 ## - TIPO DE SOPORTE
Fuente rdacarrier
Nombre/término del tipo de soporte volumen
504 ## - NOTA DE BIBLIOGRAFÍA, ETC.
Nota de bibliografía, etc. Bibliografía
651 #4 - PUNTO DE ACCESO ADICIONAL DE MATERIA--NOMBRE GEOGRÁFICO
Nombre geográfico Madrid-
Subdivisión general Usos y costumbres
Fuente del encabezamiento o término embne
9 (RLIN) 8987
852 ## - LOCALIZACIÓN
Ubicación ES-MaACL
Ubicación en estantería Depósito 1
Número de control de estantería A-15590
Donativo/Legado Donación: Fernando Codina Rodríguez
Encuadernación Encuadernación rústica con solapas
itemnumber 205937
903 ## - NOMBRE PERSONAL DE DONANTE
a Codina Rodríguez, Fernando
e Donante
9 238631
942 ## - ELEMENTOS DE ENTRADA SECUNDARIOS (KOHA)
Suprimir en OPAC No
Tipo de ítem Koha Libro impreso
Holdings
Estatus retirado Estado de pérdida Fuente del sistema de clasificación o colocación Estado de daño No para préstamo Biblioteca de origen Biblioteca actual Ubicación en estantería Fecha de adquisición Fuente de adquisición Total de préstamos Signatura topográfica completa Visto por última vez Precio de reemplazo Tipo de ítem Koha
    Clasificación decimal universal     Biblioteca del Ateneo de Madrid Biblioteca del Ateneo de Madrid Depósito 1 10/06/2025 Donación   A-15590 10/06/2025 10/06/2025 Libro impreso